000 00446nam a22001817a 4500
003 MPLRDC
005 20220104124830.0
008 210129b ||||| |||| 00| 0 eng d
020 _a962-257-873-X
082 _a857.9 LYS-19 c.3
100 _a梁羽生著
245 _a塞外奇侠传
_c
250 _a修订初版
260 _a
_b天地图书有限公司
_c1996
300 _b
650 _a武侠小说
942 _cBK
_o857.9 LYS-19 c.3
999 _c22508
_d22498